Statistics for The Voice Judges

Click here to take the quiz!

General Stats

  • This quiz has been taken 7 times
  • The average score is 9 of 14

Answer Stats

HintAnswer% Correct
8 seasonsAdam Levine
100%
5 seasonsGwen Stefani
100%
3 seasonsKelly Clarkson
100%
10 seasonsBlake Shelton
83%
2 seasonsJohn Legend
83%
2 seasonsAlicia Keys
67%
5 seasonsChristina Aguilera
67%
1 seasonNick Jonas
67%
3 seasonsPharrell Williams
67%
2 seasonsUsher
67%
1 seasonJennifer Hudson
50%
3 seasonsCee-Lo Green
33%
1 seasonMiley Cyrus
33%
2 seasonsShakira
17%

Score Distribution

Percentile by Number Answered

Percent of People with Each Score

Your Score History

You have not taken this quiz